The truths and lies of nationalism / (Record no. 182007)
[ view plain ]
| 000 -LEADER | |
|---|---|
| fixed length control field | 00327nam a22001217a 4500 |
| 010 ## - LCCN (DPL NO) | |
| LC control number | EN230921 |
| 020 ## - INTERNATIONAL STANDARD BOOK NUMBER | |
| International Standard Book Number | 9788178246475 |
| Terms of availability | 795.00 |
| 037 ## - SOURCE OF ACQUISITION | |
| Source of stock number/acquisition | Prmanent black |
| 245 ## - TITLE STATEMENT | |
| Title | The truths and lies of nationalism / |
| Statement of responsibility, etc | ed by partha chatterjee |
| 300 ## - PHYSICAL DESCRIPTION | |
| Extent | 345p. |
| Dimensions | 23cm(Hb) |
| 700 ## - ADDED ENTRY--PERSONAL NAME | |
| Personal name | chatterjee, partha |
| 942 ## - ADDED ENTRY ELEMENTS (KOHA) | |
| Source of classification or shelving scheme | Dewey Decimal Classification |
| Item type | English Books |
| Call number suffix | THE |
No items available.
